000 00758nam a2200289Ia 4500
005 20260324142216.0
008 008 260324s9999 xx 000 0 eng d
020 _a9781315287539
037 _aEBOOK
040 _aCRL
040 _beng
040 _cCRL
041 _2eng
041 _aeng
084 _qCRL
100 _aJulie Nelson; Irina Y. Kuzes
_91211102
245 0 _aProperty to the People: The Struggle for Radical Economic Reform in Russia
245 4 _bThe Struggle for Radical Economic Reform in Russia
260 _bTaylor and Francis
260 _c1995
365 _a
365 _b255
856 _uhttp://www.taylorfrancis.com/books/9781315287539
942 _cEBOOK
999 _c1814998
_d1814998